000 00649nam a2200217 a 4500
005 20210219153351.0
008 991125n 000 0 u
035 _aUPN01000094399
100 _aWray, David
222 _aREADING :
_bA JOURNAL FOR THE STUDY AND IMPROVEMENT OF READING AND RELATED SKILLS
245 _aProfessional knowledge for the teaching of reading
300 _a2-6
362 _a26, No. 2, 1992
505 _aAgosto 1993
653 0 _aESTRATEGIAS DE LECTURA
653 0 _aINSTRUCCION DE LA LECTURA
653 0 _aMETODOS DE ENSE\197ANZA
653 0 _aPROCESOS DE LECTURA
904 _aAC
_b032210
905 _aArticulo
999 _c75087
_d75087